[Event "Helsinki We Ilkka Kanko 70v"]
[Site "Helsinki"]
[Date "2015.01.24"]
[Round "3"]
[White "Jarvinen, Seppo"]
[Black "Kohvakka, Raimo"]
[Result "1-0"]
[WhiteElo "1809"]
[BlackElo "1918"]
[PlyCount "50"]
[EventDate "2015.01.23"]
[EventType "swiss"]
[EventRounds "5"]
[EventCountry "FIN"]
[SourceTitle "EXT 2022"]
[Source "ChessBase"]
[SourceDate "2021.10.06"]
[SourceVersion "1"]
[SourceVersionDate "2021.10.06"]
[SourceQuality "1"]

1. e4 c5 2. Nf3 g6 3. Nc3 Bg7 4. Bc4 Nc6 5. 0-0 d6 6. d3 Nf6 7. Rb1 Bg4 8. h3 Bxf3 9. Qxf3 Nd4 10. Qd1 a6 11. Be3 b5 12. Bb3 0-0 13. Bxd4 cxd4 14. Ne2 e5 15. f4 Nd7 16. f5 Kh8 17. Ng3 a5 18. Qg4 Nf6 19. Qf3 a4 20. Bd5 Nxd5 21. exd5 Rc8 22. Rf2 Bh6 23. Re2 Bf4 24. Rf1 Qg5 25. Ne4 Qe7 1-0

[Event "Helsinki We KapSK A"]
[Site "Helsinki"]
[Date "2011.11.12"]
[Round "3"]
[White "Jarvinen, Seppo"]
[Black "Hynna, Kevin"]
[Result "0-1"]
[WhiteElo "1902"]
[BlackElo "1964"]
[PlyCount "58"]
[EventDate "2011.11.11"]
[EventType "swiss"]
[EventRounds "5"]
[EventCountry "FIN"]
[SourceTitle "EXT 2022"]
[Source "ChessBase"]
[SourceDate "2021.10.06"]
[SourceVersion "1"]
[SourceVersionDate "2021.10.06"]
[SourceQuality "1"]

1. e4 c6 2. d4 d5 3. e5 Bf5 4. Bd3 Bxd3 5. Qxd3 e6 6. Ne2 Nd7 7. 0-0 c5 8. f4 cxd4 9. Nxd4 Bc5 10. Kh1 Ne7 11. Nc3 a6 12. Nce2 0-0 13. Bd2 Rc8 14. Rae1 Bxd4 15. Nxd4 Nc5 16. Qh3 Qb6 17. Be3 Qxb2 18. f5 Nxf5 19. Nxf5 exf5 20. Bxc5 Rxc5 21. e6 fxe6 22. Rxe6 Qxc2 23. Qe3 d4 24. Qg5 d3 25. Rd6 f4 26. Qg4 Qe2 27. Qxe2 dxe2 28. Re1 Re8 29. Rd2 Rc1 0-1

[Event "Helsinki We KapSK A"]
[Site "Helsinki"]
[Date "2011.11.12"]
[Round "2"]
[White "Jarvinen, Seppo"]
[Black "Nystrom, Leif"]
[Result "0-1"]
[WhiteElo "1902"]
[BlackElo "1935"]
[PlyCount "58"]
[EventDate "2011.11.11"]
[EventType "swiss"]
[EventRounds "5"]
[EventCountry "FIN"]
[SourceTitle "EXT 2022"]
[Source "ChessBase"]
[SourceDate "2021.10.06"]
[SourceVersion "1"]
[SourceVersionDate "2021.10.06"]
[SourceQuality "1"]

1. e4 c5 2. f4 d5 3. e5 e6 4. Nf3 Nc6 5. Bb5 Bd7 6. Bxc6 Bxc6 7. d4 Nh6 8. c3 Nf5 9. g4 Nh4 10. Qe2 Nxf3+ 11. Qxf3 Be7 12. Be3 Bh4+ 13. Bf2 Bxf2+ 14. Qxf2 cxd4 15. cxd4 0-0 16. 0-0 Bb5 17. Rd1 f6 18. Nc3 Bc6 19. Rd3 fxe5 20. dxe5 a6 21. Ne4 dxe4 22. Rxd8 Raxd8 23. Rf1 Rd3 24. Qc2 Rfd8 25. f5 Rd2 26. Qc5 e3 27. Re1 Rg2+ 28. Kf1 Rf2+ 29. Kg1 Rdd2 0-1

[Event "FIN-ch Seniors"]
[Site "Finland"]
[Date "2011.06.09"]
[Round "9"]
[White "Lyly, Seppo"]
[Black "Jarvinen, Seppo"]
[Result "1/2-1/2"]
[WhiteElo "2005"]
[BlackElo "1902"]
[PlyCount "53"]
[EventDate "2011.06.01"]
[EventType "tourn"]
[EventRounds "9"]
[EventCountry "FIN"]
[SourceTitle "EXT 2022"]
[Source "ChessBase"]
[SourceDate "2021.10.06"]
[SourceVersion "1"]
[SourceVersionDate "2021.10.06"]
[SourceQuality "1"]

1. e4 e5 2. Nf3 Nc6 3. Bb5 Nf6 4. d3 d6 5. c3 h6 6. 0-0 Be7 7. Re1 0-0 8. Nbd2 Nh7 9. Nf1 Ng5 10. Nxg5 Bxg5 11. Ne3 f5 12. exf5 Bxf5 13. Nxf5 Rxf5 14. Qg4 Qf6 15. f3 d5 16. Bxc6 bxc6 17. d4 Bxc1 18. Raxc1 Rf8 19. dxe5 Rxe5 20. Kf2 Rfe8 21. Qg3 Qd6 22. Rxe5 Rxe5 23. Kf1 c5 24. a3 c4 25. Re1 Rxe1+ 26. Qxe1 Kf7 27. g3 1/2-1/2

[Event "FIN-ch Seniors"]
[Site "Finland"]
[Date "2011.06.05"]
[Round "5"]
[White "Jarvinen, Seppo"]
[Black "Saharinen, Petri"]
[Result "1/2-1/2"]
[WhiteElo "1902"]
[BlackElo "1864"]
[PlyCount "129"]
[EventDate "2011.06.01"]
[EventType "tourn"]
[EventRounds "9"]
[EventCountry "FIN"]
[SourceTitle "EXT 2022"]
[Source "ChessBase"]
[SourceDate "2021.10.06"]
[SourceVersion "1"]
[SourceVersionDate "2021.10.06"]
[SourceQuality "1"]

1. e4 e6 2. Nf3 d5 3. exd5 exd5 4. d4 Nf6 5. Bd3 c5 6. dxc5 Bxc5 7. 0-0 0-0 8. Nc3 Bg4 9. Bg5 Be7 10. Rb1 Nbd7 11. Be2 Nb6 12. Nb5 a6 13. Nbd4 Ne4 14. Bxe7 Qxe7 15. Nd2 Nxd2 16. Qxd2 Nc4 17. Qd1 Bxe2 18. Nxe2 Qg5 19. Qd4 Rfe8 20. Nc3 Rad8 21. b3 Na3 22. Rbc1 Qg6 23. Rfe1 Rxe1+ 24. Rxe1 Nxc2 25. Qxd5 Qf6 26. Re5 h6 27. Qe4 Nb4 28. Re8+ Rxe8 29. Qxe8+ Kh7 30. Qe4+ Qg6 31. Qxb4 b5 32. Qe4 f5 33. Qe5 b4 34. Nd5 f4 35. h3 f3 36. Qg3 Qb1+ 37. Kh2 fxg2 38. Qxg2 Qxa2 39. Qe4+ Kh8 40. Qf3 Qb2 41. Nf4 Qf6 42. Qe4 g5 43. Ng6+ Kg7 44. Ne7 Qxf2+ 45. Qg2 Qf4+ 46. Qg3 Qd2+ 47. Qg2 Qd6+ 48. Kh1 Qxe7 49. Qa8 Qe1+ 50. Kg2 Qe2+ 51. Kg1 Qe3+ 52. Kg2 Qxb3 53. Qb7+ Qf7 54. Qxb4 Qd5+ 55. Kg1 Qd1+ 56. Kg2 Qe2+ 57. Kg1 Qe3+ 58. Kg2 Qe6 59. Qb2+ Kg6 60. Qb1+ Qf5 61. Qb6+ Qf6 62. Qb1+ Kg7 63. Qb7+ Kf8 64. Qc8+ Ke7 65. Qb7+ 1/2-1/2

[Event "FIN Team Cup"]
[Site "Finland"]
[Date "2011.03.26"]
[Round "1.2"]
[White "Kokko, Esa"]
[Black "Jarvinen, Seppo"]
[Result "0-1"]
[WhiteElo "1918"]
[BlackElo "1903"]
[PlyCount "122"]
[EventDate "2011.03.26"]
[EventType "team-k.o."]
[EventRounds "5"]
[EventCountry "FIN"]
[SourceTitle "EXT 2022"]
[Source "ChessBase"]
[SourceDate "2021.10.06"]
[SourceVersion "1"]
[SourceVersionDate "2021.10.06"]
[SourceQuality "1"]
[WhiteTeam "Espoo SK II"]
[BlackTeam "Helsinki LauttSK"]
[WhiteTeamCountry "FIN"]
[BlackTeamCountry "FIN"]

1. d4 d5 2. Nf3 Bf5 3. c4 dxc4 4. Nc3 Nf6 5. Qa4+ c6 6. Qxc4 e6 7. Bg5 Be7 8. e3 Nbd7 9. Qb3 Qb6 10. Bc4 Qxb3 11. Bxb3 Bd3 12. Rd1 Ba6 13. e4 h6 14. Bh4 Bb4 15. Nd2 0-0 16. f3 c5 17. Bf2 cxd4 18. Bxd4 e5 19. Be3 Nc5 20. Bc2 Rfd8 21. Kf2 b6 22. Nd5 Nxd5 23. exd5 Rac8 24. a3 Nd7 25. Bf5 Bc5 26. Rhe1 g6 27. Bxd7 Rxd7 28. Bxc5 Rxc5 29. Ne4 Rc2+ 30. Kg3 Kg7 31. Nc3 f6 32. Rc1 Rxb2 33. Red1 f5 34. h3 Rb3 35. a4 e4 36. Kf4 exf3 37. gxf3 Kf6 38. Re1 Rb4+ 39. Kg3 Kg5 40. Re5 Kf6 41. Rce1 Rc4 42. Re6+ Kf7 43. Ne2 g5 44. Rxh6 Kg7 45. Re6 f4+ 46. Kf2 Rc2 47. Rc1 Rxc1 48. Nxc1 Bc4 49. Re5 Kf6 50. Re6+ Kf5 51. Ne2 Rxd5 52. Re7 Rd2 53. Ke1 Rxe2+ 54. Rxe2 Bxe2 55. Kxe2 Ke5 56. Kd3 Kd5 57. Kc3 a6 58. Kd3 b5 59. a5 b4 60. Kd2 Kd4 61. Kc2 Ke3 0-1

[Event "Helsinki We HSL 7th"]
[Site "Helsinki"]
[Date "2011.??.??"]
[Round "2"]
[White "Fraser, Scott"]
[Black "Jarvinen, Seppo"]
[Result "1-0"]
[WhiteElo "2084"]
[BlackElo "1902"]
[PlyCount "27"]
[EventDate "2011.??.??"]
[EventType "swiss"]
[EventRounds "5"]
[EventCountry "FIN"]
[SourceTitle "EXT 2022"]
[Source "ChessBase"]
[SourceDate "2021.10.06"]
[SourceVersion "1"]
[SourceVersionDate "2021.10.06"]
[SourceQuality "1"]

1. Nf3 d5 2. d4 g6 3. c4 dxc4 4. e4 Bg7 5. Bxc4 Nc6 6. d5 Ne5 7. Nxe5 Bxe5 8. 0-0 Bg7 9. Nc3 Nf6 10. e5 Ng4 11. Bb5+ c6 12. dxc6 0-0 13. cxb7 Qxd1 14. bxa8Q 1-0

[Event "Wch Seniors 20th"]
[Site "Arco"]
[Date "2010.11.03"]
[Round "8"]
[White "Jarvinen, Seppo"]
[Black "Bernhoeft, Erhard"]
[Result "0-1"]
[WhiteElo "1902"]
[BlackElo "1991"]
[PlyCount "42"]
[EventDate "2010.10.26"]
[EventType "swiss"]
[EventRounds "11"]
[EventCountry "ITA"]
[SourceTitle "EXT 2011"]
[Source "ChessBase"]
[SourceDate "2010.11.26"]
[SourceVersion "1"]
[SourceVersionDate "2010.11.26"]
[SourceQuality "1"]

1. e4 c5 2. Nf3 Nc6 3. Nc3 g6 4. Be2 Bg7 5. 0-0 d6 6. h3 e6 7. d3 Nge7 8. Nh2 0-0 9. Be3 f5 10. Qd2 Nd4 11. Bh6 Bxh6 12. Qxh6 Nxc2 13. Nf3 Rf7 14. Rad1 Nd4 15. Ng5 Rg7 16. f4 Kh8 17. Qh4 Bd7 18. Bf3 Ng8 19. Ne2 h6 20. Nxd4 cxd4 21. Kh2 Rh7 0-1

[Event "FIN-ch op"]
[Site "Mantta"]
[Date "2009.08.08"]
[Round "8"]
[White "Haapasalo, Jukka Pekka"]
[Black "Jarvinen, Seppo"]
[Result "1/2-1/2"]
[WhiteElo "2130"]
[BlackElo "1901"]
[PlyCount "158"]
[EventDate "2009.08.03"]
[EventType "swiss"]
[EventRounds "9"]
[EventCountry "FIN"]
[SourceTitle "EXT 2022"]
[Source "ChessBase"]
[SourceDate "2021.10.06"]
[SourceVersion "1"]
[SourceVersionDate "2021.10.06"]
[SourceQuality "1"]

1. Nf3 g6 2. e4 Bg7 3. d4 d6 4. h3 c5 5. c3 Nf6 6. Bd3 cxd4 7. cxd4 0-0 8. Nc3 Nc6 9. 0-0 a6 10. Bg5 Ne8 11. d5 Ne5 12. Nxe5 Bxe5 13. Qd2 Bg7 14. Rfe1 Bf6 15. Bh6 Bg7 16. Rad1 b5 17. a3 Bd7 18. Re2 Kh8 19. Rde1 e5 20. dxe6 fxe6 21. Bb1 e5 22. Ba2 Qh4 23. Bxg7+ Kxg7 24. Re3 Rd8 25. Rd3 Bc8 26. Rd1 Qf4 27. Qxf4 Rxf4 28. f3 Bb7 29. Ne2 Rf8 30. Nc1 Kf6 31. Nb3 Rc8 32. Na5 Ba8 33. R1d2 Ke7 34. Bd5 Bxd5 35. exd5 Rc1+ 36. Rd1 Rxd1+ 37. Rxd1 Nc7 38. Kf2 Kd7 39. Ke3 Rf4 40. b4 Rh4 41. Rd2 Ke7 42. Rd3 Kd7 43. Nb3 Rc4 44. Nd2 Rc2 45. g3 Ne8 46. Ne4 Ke7 47. h4 h6 48. f4 exf4+ 49. Kxf4 Nc7 50. Kg4 Rc4 51. Kf3 Rc2 52. Ke3 Rc4 53. g4 Rc2 54. h5 gxh5 55. gxh5 Rg2 56. Kd4 Rc2 57. Ng3 Rc4+ 58. Ke3 Kf6 59. Ne4+ Ke5 60. Nd2 Nxd5+ 61. Kf2 Rc3 62. Nf3+ Ke6 63. Nd4+ Kf6 64. Rd2 Rh3 65. Nf3 Rxh5 66. Rc2 Rf5 67. Rc6 Ke7 68. Rxa6 h5 69. Ra7+ Ke8 70. Rb7 Ne7 71. Kg3 Rd5 72. Kh4 Rd3 73. Ng5 Rxa3 74. Rxb5 Nc8 75. Kxh5 Ra7 76. Kg6 Kd7 77. Ne4 Kc6 78. Rb8 Kc7 79. Rb5 Rb7 1/2-1/2

[Event "FIN-ch op"]
[Site "Mantta"]
[Date "2009.08.06"]
[Round "6"]
[White "Turtiainen, Tauno"]
[Black "Jarvinen, Seppo"]
[Result "0-1"]
[WhiteElo "2053"]
[BlackElo "1901"]
[PlyCount "110"]
[EventDate "2009.08.03"]
[EventType "swiss"]
[EventRounds "9"]
[EventCountry "FIN"]
[SourceTitle "EXT 2022"]
[Source "ChessBase"]
[SourceDate "2021.10.06"]
[SourceVersion "1"]
[SourceVersionDate "2021.10.06"]
[SourceQuality "1"]

1. c4 e5 2. g3 Nc6 3. Bg2 Nf6 4. Nc3 Be7 5. Nf3 0-0 6. 0-0 h6 7. d4 exd4 8. Nxd4 Nh7 9. e4 Bc5 10. Be3 Bxd4 11. Bxd4 d6 12. f4 Nxd4 13. Qxd4 Qf6 14. Qd3 Be6 15. f5 Bd7 16. Nd5 Qxb2 17. Rab1 Qe5 18. Nxc7 Qc5+ 19. Rf2 Qxc7 20. e5 Bc6 21. f6 dxe5 22. fxg7 Rfd8 23. Bd5 Bxd5 24. cxd5 Ng5 25. Rc2 Qd7 26. h4 e4 27. Qe3 Nf3+ 28. Kg2 Qg4 29. Qxh6 Qxg7 30. Qxg7+ Kxg7 31. Rc7 b6 32. Rb4 Nd2 33. Rd4 Rac8 34. Rxc8 Rxc8 35. Rxd2 f5 36. Rf2 Kg6 37. g4 fxg4 38. Rf4 Kh5 39. Rxe4 Kxh4 40. Re2 Rd8 41. Re5 Rc8 42. Re2 Kg5 43. d6 Rd8 44. Rd2 Kf5 45. Kg3 Ke6 46. Kxg4 Rxd6 47. Rb2 Kd5 48. Kf4 Re6 49. Rc2 b5 50. Kf3 a5 51. Rb2 b4 52. a3 Kc4 53. axb4 axb4 54. Rc2+ Kb3 55. Rc7 Kb2 0-1

[Event "FIN-ch op"]
[Site "Mantta"]
[Date "2009.08.03"]
[Round "1"]
[White "Kivipelto, Kaj Erik"]
[Black "Jarvinen, Seppo"]
[Result "1-0"]
[WhiteElo "2220"]
[BlackElo "1901"]
[PlyCount "47"]
[EventDate "2009.08.03"]
[EventType "swiss"]
[EventRounds "9"]
[EventCountry "FIN"]
[SourceTitle "EXT 2022"]
[Source "ChessBase"]
[SourceDate "2021.10.06"]
[SourceVersion "1"]
[SourceVersionDate "2021.10.06"]
[SourceQuality "1"]

1. Nf3 d5 2. c4 dxc4 3. Na3 Nc6 4. Nxc4 g6 5. g3 Bg7 6. Bg2 Nf6 7. 0-0 0-0 8. d3 Bd7 9. Nfe5 Qe8 10. Bd2 b5 11. Nxd7 Qxd7 12. Na5 Nd5 13. Nxc6 Qxc6 14. Qb3 e6 15. Rac1 Qd7 16. Rc5 c6 17. Rfc1 Rac8 18. e3 Rfd8 19. Ba5 Re8 20. Qc2 Ne7 21. d4 h5 22. h4 Qd6 23. Bxc6 Rf8 24. Bxb5 1-0

[Event "Naantali Summer op"]
[Site "Naantali"]
[Date "2009.06.??"]
[Round "6"]
[White "Jarvinen, Seppo"]
[Black "Sipila, Vilka"]
[Result "0-1"]
[WhiteElo "1931"]
[BlackElo "2072"]
[PlyCount "44"]
[EventDate "2009.06.29"]
[EventType "swiss"]
[EventRounds "9"]
[EventCountry "FIN"]
[SourceTitle "EXT 2022"]
[Source "ChessBase"]
[SourceDate "2021.10.06"]
[SourceVersion "1"]
[SourceVersionDate "2021.10.06"]
[SourceQuality "1"]

1. e4 h5 2. d4 h4 3. Nc3 d6 4. Bd3 h3 5. g3 Nc6 6. d5 Ne5 7. f4 Nxd3+ 8. Qxd3 c6 9. Be3 Nf6 10. 0-0-0 Bg4 11. Re1 Qa5 12. Nge2 0-0-0 13. Rhf1 e6 14. Kb1 cxd5 15. exd5 exd5 16. Qb5 Qxb5 17. Nxb5 Re8 18. Nec3 a6 19. Nd4 Be7 20. Na4 Bd8 21. Bg1 b5 22. Nc6 bxa4 0-1

[Event "Helsinki Pirttimaki Memorial-A 4th"]
[Site "Helsinki"]
[Date "2009.??.??"]
[Round "7"]
[White "Jarvinen, Seppo"]
[Black "Haapasalo, Jukka Pekka"]
[Result "1/2-1/2"]
[WhiteElo "1935"]
[BlackElo "2159"]
[PlyCount "24"]
[EventDate "2009.??.??"]
[EventType "swiss"]
[EventRounds "7"]
[EventCountry "FIN"]
[SourceTitle "EXT 2011"]
[Source "ChessBase"]
[SourceDate "2010.11.26"]
[SourceVersion "1"]
[SourceVersionDate "2010.11.26"]
[SourceQuality "1"]

1. e4 c5 2. Nf3 e6 3. h3 a6 4. Be2 d6 5. 0-0 Nf6 6. d3 Nc6 7. Be3 Be7 8. Nbd2 0-0 9. c3 b6 10. Qc2 Bb7 11. Rad1 Rc8 12. Qb1 d5 1/2-1/2

[Event "Helsinki-ch Seniors 0809"]
[Site "Helsinki"]
[Date "2009.??.??"]
[Round "5"]
[White "Jarvinen, Seppo"]
[Black "Hurme, Harri M"]
[Result "0-1"]
[WhiteElo "1935"]
[BlackElo "2254"]
[PlyCount "34"]
[EventDate "2008.12.??"]
[EventType "tourn"]
[EventRounds "9"]
[EventCountry "FIN"]
[SourceTitle "EXT 2011"]
[Source "ChessBase"]
[SourceDate "2010.11.26"]
[SourceVersion "1"]
[SourceVersionDate "2010.11.26"]
[SourceQuality "1"]

1. Nf3 d5 2. d4 Nc6 3. Ne5 Nxe5 4. dxe5 c6 5. e4 dxe4 6. Qxd8+ Kxd8 7. Bc4 f5 8. e6 g6 9. Bf4 Bg7 10. Nc3 Ke8 11. 0-0 Bxc3 12. bxc3 Nf6 13. f3 Nd5 14. fxe4 fxe4 15. Bxd5 cxd5 16. Be5 Rg8 17. Rf7 h5 0-1

[Event "FIN-ch Seniors"]
[Site "Finland"]
[Date "2009.??.??"]
[Round "6"]
[White "Jarvinen, Seppo"]
[Black "Lehtosaari, Kalevi"]
[Result "0-1"]
[WhiteElo "1935"]
[BlackElo "2032"]
[PlyCount "46"]
[EventDate "2009.06.??"]
[EventType "swiss"]
[EventRounds "9"]
[EventCountry "FIN"]
[SourceTitle "EXT 2011"]
[Source "ChessBase"]
[SourceDate "2010.11.26"]
[SourceVersion "1"]
[SourceVersionDate "2010.11.26"]
[SourceQuality "1"]

1. e4 e5 2. Nf3 Nf6 3. Nxe5 d6 4. Nf3 Nxe4 5. Bc4 d5 6. Bb3 Be7 7. 0-0 0-0 8. Nc3 c6 9. Nxe4 dxe4 10. Ne1 Bf5 11. Bc4 Nd7 12. d3 Ne5 13. Bf4 Nxc4 14. dxe4 Bxe4 15. Qe2 Bd5 16. b3 Bf6 17. bxc4 Bxa1 18. cxd5 Qxd5 19. Nd3 Bf6 20. a3 Rfe8 21. Qg4 Qc4 22. h4 Qxc2 23. Ne1 Qg6 0-1

[Event "FIN-ch Seniors"]
[Site "Finland"]
[Date "2009.??.??"]
[Round "5"]
[White "Laitinen, Martti"]
[Black "Jarvinen, Seppo"]
[Result "1-0"]
[WhiteElo "1866"]
[BlackElo "1935"]
[PlyCount "109"]
[EventDate "2009.06.??"]
[EventType "swiss"]
[EventRounds "9"]
[EventCountry "FIN"]
[SourceTitle "EXT 2011"]
[Source "ChessBase"]
[SourceDate "2010.11.26"]
[SourceVersion "1"]
[SourceVersionDate "2010.11.26"]
[SourceQuality "1"]

1. d4 d5 2. c4 e6 3. Nc3 Nf6 4. Bg5 Be7 5. e3 0-0 6. Qc2 dxc4 7. Bxc4 Nd5 8. Bxe7 Nxe7 9. Nf3 Nd7 10. Bd3 Nf6 11. e4 g6 12. e5 Nfd5 13. Nxd5 exd5 14. h3 Bf5 15. g4 Be4 16. Bxe4 dxe4 17. Qxe4 c5 18. dxc5 Qa5+ 19. Kf1 Qxc5 20. Kg2 Nc6 21. Rac1 Qe7 22. Rhe1 Rae8 23. Qd5 Nb4 24. Qb3 Nc6 25. Rcd1 Rd8 26. Rxd8 Nxd8 27. a3 Ne6 28. Qe3 a6 29. Nd4 Rd8 30. Nxe6 Qxe6 31. Re2 Rd1 32. Qf3 Qc4 33. Qe3 Qe6 34. Re1 Qc6+ 35. f3 Rxe1 36. Qxe1 Qc2+ 37. Qf2 Qc6 38. Qd2 Qb5 39. Qd8+ Kg7 40. Qf6+ Kf8 41. b4 Qe2+ 42. Kg3 Qe1+ 43. Kf4 Qd2+ 44. Ke4 Qc2+ 45. Kd4 Qb2+ 46. Kc5 Qxa3 47. Qd8+ Kg7 48. Qd4 Qc1+ 49. Kb6 Qc6+ 50. Ka7 Qxf3 51. e6+ Kh6 52. g5+ Kxg5 53. Qd8+ f6 54. e7 Qe3+ 55. Ka8 1-0

[Event "Helsinki-ch Seniors 0809"]
[Site "Helsinki"]
[Date "2009.??.??"]
[Round "4"]
[White "Saharinen, Petri"]
[Black "Jarvinen, Seppo"]
[Result "1-0"]
[WhiteElo "1791"]
[BlackElo "1935"]
[PlyCount "57"]
[EventDate "2008.12.??"]
[EventType "tourn"]
[EventRounds "9"]
[EventCountry "FIN"]
[SourceTitle "EXT 2011"]
[Source "ChessBase"]
[SourceDate "2010.11.26"]
[SourceVersion "1"]
[SourceVersionDate "2010.11.26"]
[SourceQuality "1"]

1. d4 g6 2. c4 Bg7 3. Nc3 c5 4. d5 d6 5. e4 Nf6 6. Bd3 0-0 7. h3 Nbd7 8. f4 a6 9. a4 e6 10. Nge2 exd5 11. cxd5 Re8 12. 0-0 Nb6 13. Ng3 Bd7 14. Qf3 Rf8 15. f5 Qe8 16. Bf4 Nxa4 17. Nxa4 Bxa4 18. Bxd6 c4 19. Bxf8 Qxf8 20. Rxa4 cxd3 21. Qxd3 Nd7 22. Qc2 b5 23. Ra2 Qd6 24. Ne2 Ne5 25. fxg6 hxg6 26. Nc3 b4 27. Na4 Nd7 28. Qc6 Qe7 29. Qxa8+ 1-0

[Event "Heart of Finland op 18th"]
[Site "Jyvaskyla"]
[Date "2008.07.18"]
[Round "9"]
[White "Von Wright, Aarne"]
[Black "Jarvinen, Seppo"]
[Result "1/2-1/2"]
[WhiteElo "2042"]
[BlackElo "1891"]
[PlyCount "31"]
[EventDate "2008.07.12"]
[EventType "swiss"]
[EventRounds "9"]
[EventCountry "FIN"]
[SourceTitle "CBM 125 Extra"]
[Source "ChessBase"]
[SourceDate "2008.09.01"]
[SourceVersion "1"]
[SourceVersionDate "2008.09.01"]
[SourceQuality "1"]

1. d4 d6 2. e4 g6 3. Nf3 Bg7 4. Bd3 Nc6 5. c3 Nf6 6. h3 a6 7. Be3 b5 8. 0-0 0-0 9. Nbd2 e5 10. d5 Ne7 11. a4 Bd7 12. axb5 axb5 13. Qe2 Nh5 14. Nh2 f5 15. Bg5 h6 16. Rxa8 1/2-1/2